000 00591nam a2200217 a 4500
001 67167
003 BD-RjUL
005 20211209081625.0
008 170322s1954 enk |||| b||| 001 0 eng d
035 _a(BD-RjUL)67298
040 _aBD-RjUL
_beng
_cBD-RjUL
041 _aeng
082 _223
_a634.9
_bCHF 1954
100 _aChampion, H. G.
_9198973
245 _aForestry /
_cH. G. Champion
260 _aLondon :
_bOxford University Press,
_c1954.
300 _avi, 230 p. ;
_c18 cm.
504 _aIncludes bibliographies and indexes.
650 _aForestry.
_9198051
942 _2ddc
_cBK
999 _c67167
_d67167